Practical analytical methods for connective tissue proteins

Wedi'i Gadw mewn:
Manylion Llyfryddiaeth
Prif Awdur: Eastoe, John E.
Awduron Eraill: Courts, A. (Albert) (joint author.)
Fformat: Llyfr
Iaith:English
Cyhoeddwyd: Springfield, Ill., Thomas, 1964 [c1963]
Pynciau:
LEADER 01023nam a22002651 4500
001 c000006061
003 CARM
005 00000000000000.0
008 850617c19641963ilua b 00010 eng
019 1 |a 3937064  |5 LACONCORD2021 
035 |a (OCoLC)3038731  |5 LACONCORD2021 
040 |a DLC/ICU  |c ICU 
050 0 0 |a QM563  |b .E2 
100 1 |a Eastoe, John E., 
245 1 0 |a Practical analytical methods for connective tissue proteins  |c [by] J.E. Eastoe and A. Courts. With a foreword by Alan G. Ward. 
260 |a Springfield, Ill.,  |b Thomas,  |c 1964 [c1963] 
300 |a xiv, 145 p.  |b illus., diagrs.  |c 23 cm. 
504 |a Bibliography: p. 134-137. 
650 0 |a Connective tissues. 
650 0 |a Histology  |x Technique. 
700 1 |a Courts, A.  |q (Albert),  |e joint author. 
852 8 |b CARM  |h A2:AD30B0  |i B00040  |p 0003078  |f BK 
082 0 4 |a 591.8 
999 f f |i 83239a95-1b6e-52c0-b778-36f4a6b30079  |s 23052ecf-4b12-52af-b42e-3c979970d20c 
952 f f |p Can circulate  |a CAVAL  |b CAVAL  |c CAVAL  |d CARM 1 Store  |e B00040  |f A2:AD30B0  |h Other scheme  |i book  |m 0003078